| 000 | 00530nam a22001577a 4500 | ||
|---|---|---|---|
| 003 | NUST | ||
| 038 | _aNusrat Nadeem | ||
| 082 | _a200 | ||
| 100 |
_aUllah, Nadeem _9132537 |
||
| 245 |
_aEvaluating the Performance of Anaerobic Baffled Reactor in Treating Municipal Wastewater/ _cNadeem Ullah, |
||
| 264 |
_aIslamabad: _bIESE(SCEE) NUST. _c2025. |
||
| 650 |
_aPhD-Environmental Engineering _9123218 |
||
| 700 |
_aSupervisor: Dr. Zeshan _9125527 |
||
| 856 | _uhttp://10.250.8.41:8080/xmlui/handle/123456789/52709 | ||
| 942 |
_2ddc _cSC |
||
| 999 |
_c615676 _d615676 |
||